000 00257nam a2200097Ia 4500
008 220204s9999 xx 000 0 und d
082 _aNR:04
_bRRC.28
245 0 _aSweet and glutinous corn as intercrops of rubber
260 _aHat Yai
_bRRC
_c1974
942 _cBK
999 _c26424
_d26424